| 000 | 00744cab a22002175a 4500 | ||
|---|---|---|---|
| 001 | L155927 | ||
| 008 | 120423e20120331xxk 000 0 eng d | ||
| 035 | _a(Sirsi) u155927 | ||
| 041 | 0 | _aeng | |
| 100 | 1 | _aCunningham, Daniel | |
| 245 | 0 | 0 |
_aFocus _bManchester |
| 260 | _c2012 | ||
| 490 |
_aEstates Gazette _v(1213) 31 March 2012, 57-81(18) |
||
| 520 | _aIncludes information on the office market which plunged in 2011 after a strong 2010, Manchester's satellite towns such as Rochdale, Bury and Stockport, the development of science parks and the change of ownerships at Trafford Park. | ||
| 590 | _aKA | ||
| 700 | 1 | _aHamilton, Helen | |
| 700 | 1 | _aQuinn, David | |
| 700 | 1 | _aAinsclough, Will | |
| 700 | 1 | _aThame, David | |
| 942 | _n0 | ||
| 999 |
_c83931 _d83931 |
||